Calciatori brasiliani nella Squadra dell'anno UEFA - Statistics

Statistiche generali
  • Questo quiz è stato fatto 17 volte
  • Il punteggio medio è 8 su 11
Statistiche sulle risposte
Numero apparizioni Edizioni apparizioni Squadra Calciatore % Corretto
2 2015; 2020 Barcellona Neymar
90%
3 2004; 2005; 2006 Barcellona Ronaldinho
90%
5 2007; 2009; 2011; 2015; 2017 Barcellona / Juventus / Paris Saint-Germain Dani Alves
80%
2 2006; 2007 Milan Kaká
80%
1 2002 Inter / Real Madrid Ronaldo
80%
3 2011; 2017; 2018 Real Madrid Marcelo
70%
2 2002; 2003 Real Madrid Roberto Carlos
70%
3 2011; 2012; 2013 Milan / Paris Saint-Germain Thiago Silva
70%
1 2019 Liverpool Alisson
60%
1 2010 Inter Maicon
60%
2 2004; 2005 Milan Cafu
50%
Nessun quiz corrispondente trovato
Distribuzione punteggi
Percentuale di utenti per punteggio
Percentile per numero di risposta
I tuoi punteggi nel tempo
Non hai fatto questo quiz